000 00822cam a2200181 a 4500
005 20260429043747.0
008 090429s2009 ii 000 0 eng d
020 _a9780670082834 (hbk.)
082 0 4 _a330.954 MUR
100 1 _aNarayana Murthy, N. R.
245 1 2 _aA better India, a better world /
_cN.R. Narayana Murthy.
260 _aNew Delhi, India :
_bAllen Lane,
_c2009.
300 _axxviii, 290 p. ;
_c24 cm.
505 0 _apt. 1. Address to students -- pt. 2. Values -- pt. 3. Important national issues -- pt. 4. Education -- pt. 5. Leadership challenges -- pt. 6. Corporate and public governance -- pt. 7. Corporate social responsibility and philanthropy -- pt. 8. Entrepreneurship -- pt. 9. Globalization -- pt. 10. Infosys.
650 0 _aBusiness ethics
650 0 _aCorporate governance
942 _2ddc
_cBK
999 _c25885
_d25885